000
00205nam a2200097Ia 4500
008
190216s9999||||xx |||||||||||||| ||und||
100
_a
Sayyid Iqthab
245
0
_a
Malima Fil Jarih
260
_b
Null
942
_c
BK
999
_c
94
_d
94